Shakespeare by Location Quiz Stats

 Plays Quiz Updated Mar 9, 2020

Support Sporcle.
Go Orange.
Score 0/37 Timer 09:00
0 Plays Today
Location Play % Correct
Brutus's tent.Julius Caesar
80.3%
Friar Laurence's cell.Romeo and Juliet
71.2%
Another part of the island.The Tempest
67.3%
Elsinore. A platform before the castle.Hamlet
64%
A Heath.Macbeth
59.1%
Belmont. A room in PORTIA'S house.The Merchant of Venice
55%
The English camp at Agincourt.Henry V
53.2%
PETRUCHIO'S country house.The Taming of the Shrew
48.7%
Athens. QUINCE'S house.A Midsummer Night's Dream
46.6%
OLIVIA's garden.Twelfth Night, or, What You Will
44.4%
Another part of the heath. Storm still.King Lear
42.1%
Under the walls of Alexandria.Antony and Cleopatra
40.5%
The Tower of London.Richard III
39.2%
Cyprus. Before the castle.Othello
38.3%
The Forest of Arden.As You Like It
37%
Corioli. The Senate-house.Coriolanus
36.6%
Before the walls of Athens.Timon of Athens
36.4%
A room in LEONATO's house.Much Ado About Nothing
35%
Troy. Before Priam's palace.Troilus and Cressida
33.4%
Location Play % Correct
London. QUEEN KATHARINE's apartments.Henry VIII
33%
A room in the Garter Inn.The Merry Wives of Windsor
26.9%
A forest near Rome. Horns and cry of hounds heard.Titus Andronicus
26.4%
Bohemia. A desert country near the sea.The Winter's Tale
26.2%
The house of ANTIPHOLUS of Ephesus.The Comedy of Errors
23.2%
Milan. Outside the DUKE's palace, under SILVIA's chamber.The Two Gentlemen of Verona
21.6%
The king of Navarre's park.Love's Labour's Lost
19.3%
Field of battle between the British and Roman camps.Cymbeline
17.8%
The rebel camp near Shrewsbury.Henry IV, Part 1
17.3%
The lists at Coventry.Richard II
16.9%
Gloucestershire. Before SHALLOW'S house.Henry IV, Part 2
16.1%
The temple of Diana at Ephesus; THAISA standingPericles, Prince of Tyre
15.3%
Rousillon. The COUNT's palace.All's Well That Ends Well
14.9%
GLOUCESTER's garden.Henry VI, Part 2
14.8%
Camp of the YORK in Anjou.Henry VI, Part 1
14.6%
Edward's camp, near Warwick.Henry VI, Part 3
12.3%
The orchard in Swinstead Abbey.King John
11.7%
The moated grange at ST. LUKE's.Measure for Measure
11.3%

You're not logged in!

Compare scores with friends on all Sporcle quizzes.
OR
Log In

From the Vault

This or That: Literary Cats

by NewYorker

Who taught this cat how to read?
Remove Ads.
Support Sporcle.
Get the best of Sporcle when you Go Orange. This ad-free experience offers more features, more stats, and more fun while also helping to support Sporcle. Thank you for becoming a member.

Show Comments

Extras

Top Quizzes Today


Score Distribution

Your Account Isn't Verified!

In order to create a playlist on Sporcle, you need to verify the email address you used during registration. Go to your Sporcle Settings to finish the process.

Report this User

Report this user for behavior that violates our Community Guidelines.

Details: